2018 March Madness Bracket Quiz Stats

 Plays Quiz Updated Mar 16, 2018

Score 0/135 Timer 12:00
10 Plays Today
% Correct
Duke
93.8%
Duke
93.7%
Duke
93.7%
Duke
93.5%
Michigan
93.2%
Michigan
93.2%
Villanova
93.1%
Michigan
93.1%
Villanova
93.1%
Villanova
93.1%
Villanova
93%
Michigan
93%
Kansas
92.9%
Kansas
92.9%
Michigan
92.8%
Villanova
92.7%
Villanova
92.6%
Kansas
92.4%
Kansas
92.4%
Kansas
92.3%
Michigan
92.2%
Villanova
92.1%
Virginia
92%
UNC
90.6%
UNC
90.4%
Texas
88.3%
Kentucky
87.6%
Kentucky
87.6%
Kentucky
87.6%
Michigan St
86.7%
Michigan St
86.5%
Loyola (IL)
85.5%
Loyola (IL)
85.2%
Loyola (IL)
85.2%
Loyola (IL)
84.8%
UMBC
84.1%
Florida
83.7%
Kansas St
83.7%
Kansas St
83.6%
Florida
83.3%
Arizona
83%
Kansas St
82.6%
Kansas St
81.8%
Florida St
81.3%
Florida St
81.2%
% Correct
Florida St
80.5%
Florida St
80%
Loyola (IL)
79.8%
Gonzaga
78.8%
Syracuse
78.8%
Gonzaga
78.8%
Syracuse
78.7%
Syracuse
78.5%
Gonzaga
78.4%
Syracuse
78.1%
Xavier
77.3%
Oklahoma
77%
Texas Tech
76.6%
Texas Tech
76.5%
Ohio St
76.2%
Texas Tech
76.1%
Xavier
76.1%
UMBC
75.8%
UCLA
75.7%
Texas Tech
75.5%
Tennessee
75.3%
Ohio St
75%
Alabama
74.9%
Tennessee
74.8%
Purdue
74.1%
Alabama
73.6%
Miami (FL)
73.5%
Purdue
73.4%
Purdue
73.2%
Nevada
72.9%
Nevada
72.7%
Nevada
70.6%
West Virginia
69.4%
West Virginia
68.8%
West Virginia
68.5%
Texas A&M
68.5%
Texas A&M
68.2%
Cincinnati
68%
Buffalo
67.1%
Cincinnati
67.1%
Texas A&M
66.8%
Arizona St
65.5%
Clemson
65.5%
Clemson
64.9%
Auburn
64.8%
% Correct
Rhode Island
64.8%
Clemson
64.6%
Rhode Island
64.2%
Virginia Tech
63.7%
Auburn
63.6%
Buffalo
63.3%
Houston
63%
Houston
62.5%
Butler
62.2%
Butler
61.7%
U Penn
61.4%
Wichita St
60.4%
Missouri
59.2%
Arkansas
59.1%
NC State
58.7%
Creighton
58%
Providence
55.1%
Seton Hall
54.5%
Seton Hall
54.2%
Davidson
53.4%
New Mexico St
53.4%
San Diego St
53.3%
TCU
53%
Marshall
52.8%
S Dakota St
52.2%
Marshall
51.1%
St Bona
48.3%
St Bona
47.5%
Montana
46.1%
Iona
44.8%
Radford
44.5%
Radford
44.3%
Georgia St
43%
Texas So
39.9%
Texas So
38.9%
Wright St
38.4%
SF Austin
38.3%
UNC-Greensboro
38.2%
Murray St
38%
Bucknell
37.8%
Lipscomb
37.5%
LIU - Brooklyn
36.2%
Charleston
35.9%
NC Central
29.5%
CS Fullerton
28.9%

You're not logged in!

Compare scores with friends on all Sporcle quizzes.
OR
Log In

Sporcle TV

Today on Sporcle TV


Watch our educational content, quiz creation guides, and fun videos on Sporcle TV.

Show Comments

Extras

Top Quizzes Today


Score Distribution

Your Account Isn't Verified!

In order to create a playlist on Sporcle, you need to verify the email address you used during registration. Go to your Sporcle Settings to finish the process.

Report this User

Report this user for behavior that violates our Community Guidelines.

Details: